EG industrial (Record no. 78356)
[ view plain ]
| 000 -LEADER | |
|---|---|
| fixed length control field | 00918cab a2200217 4500 |
| 001 - CONTROL NUMBER | |
| control field | L136588 |
| 008 - FIXED-LENGTH DATA ELEMENTS--GENERAL INFORMATION | |
| fixed length control field | 070209n2007 000 0 eng u |
| 035 ## - SYSTEM CONTROL NUMBER | |
| System control number | (Sirsi) u136588 |
| 041 0# - LANGUAGE CODE | |
| Language code of text/sound track or separate title | eng |
| 100 1# - MAIN ENTRY--PERSONAL NAME | |
| Personal name | Neale, Jon |
| 245 00 - TITLE STATEMENT | |
| Title | EG industrial |
| 260 ## - PUBLICATION, DISTRIBUTION, ETC. | |
| Date of publication, distribution, etc. | 2007 |
| 490 00 - SERIES STATEMENT | |
| Series statement | Estates Gazette |
| Volume/sequential designation | (0705) 3 February 2007, 95-125(14) |
| 520 ## - SUMMARY, ETC. | |
| Summary, etc. | Considers various aspects of the industrial property market in the UK including changes in the design of warehouses, an examination of whether the UK's regional airports are less likely to grow into distribution hubs than ports with the backlash against air travel, a look at the potential impact of road charging on distribution networks, and a look at the shed sector as a potential career choice. |
| 590 ## - LOCAL NOTE (RLIN) | |
| Local note | KA |
| 651 #4 - SUBJECT ADDED ENTRY--GEOGRAPHIC NAME | |
| Geographic name | United Kingdom |
| Chronological subdivision | |
| 690 ## - LOCAL SUBJECT ADDED ENTRY--TOPICAL TERM (OCLC, RLIN) | |
| Topical term or geographic name as entry element | PROPERTY-INDUSTRIAL PROPERTY |
| 700 1# - ADDED ENTRY--PERSONAL NAME | |
| Personal name | Harris, David |
| 700 1# - ADDED ENTRY--PERSONAL NAME | |
| Personal name | Osborne, Helen |
| 942 ## - ADDED ENTRY ELEMENTS (KOHA) | |
| Suppress in OPAC | 0 |
| Withdrawn status | Lost status | Source of classification or shelving scheme | Damaged status | Not for loan | Home library | Current library | Shelving location | Date acquired | Total Checkouts | Full call number | Barcode | Date last seen | Copy number | Price effective from | Koha item type |
|---|---|---|---|---|---|---|---|---|---|---|---|---|---|---|---|
| Dewey Decimal Classification | London | London | Journal article | 09/02/2007 | L136588 | 136588-1001 | 06/08/2019 | 1 | 06/08/2019 | Journal article |